000 00579nam a2200181Ia 4500
005 20250923144558.0
008 008 250917s9999 xx 000 0 eng d
037 _aTextual
040 _aDSWL
_beng
_cDSWL
041 _aeng
_2eng
084 _aYX,z2-zy5;6-J:g.251N56t4, N64
_qDSWL
100 _aDua, Usha
_9826296
245 0 _aBal sohyog: A critical appreciation
_cby Usha Dua.
260 _aDelhi
_bDelhi School of Social Work
_c1957
300 _a191p.
942 _cTEXL
_hYX,z2-zy5;6-J:g.251N56t4, N64
999 _c1440759
_d1440759